Tính toán thiết kế chế tạo máy cán thép và các thiết bị trong nhà máy cán thép
Enregistré dans:
| Auteur principal: | |
|---|---|
| Format: | Livre |
| Langue: | Undetermined |
| Publié: |
H.
KHKT
2001
|
| Sujets: | |
| Tags: |
Ajouter un tag
Pas de tags, Soyez le premier à ajouter un tag!
|
| Thư viện lưu trữ: | Trung tâm Học liệu Trường Đại học Cần Thơ |
|---|
| LEADER | 00574nam a2200169Ia 4500 | ||
|---|---|---|---|
| 001 | CTU_48660 | ||
| 008 | 210402s9999 xx 000 0 und d | ||
| 082 | |a 621.82 | ||
| 082 | |b Nh464 | ||
| 100 | |a Đỗ, Hữu Nhơn | ||
| 245 | 0 | |a Tính toán thiết kế chế tạo máy cán thép và các thiết bị trong nhà máy cán thép | |
| 245 | 0 | |c Đỗ Hữu Nhơn | |
| 260 | |a H. | ||
| 260 | |b KHKT | ||
| 260 | |c 2001 | ||
| 650 | |a mechanical engineering,machine parts,machine design | ||
| 980 | |a Trung tâm Học liệu Trường Đại học Cần Thơ | ||